| 000 | 01104nam0a22003011 4500 | ||
|---|---|---|---|
| 001 | rc\3020401 | ||
| 005 | 20250806201356.0 | ||
| 035 | _a(NLR Aleph) 007162512 | ||
| 090 |
_a23344 _c23344 |
||
| 100 | _a20110927d1945 u y0rusy50 ca | ||
| 101 | 0 | _afre | |
| 102 | _aRU | ||
| 105 | _aa z ||||| | ||
| 200 | 1 |
_aБез семьи _eДля 7-го класса средней школы _fPar Hector Malot _gОбраб. и снабдила словарём М. Бахарева |
|
| 210 |
_aМосква _cГос. учеб.-педагогич. изд-во Наркомпроса РСФСР _d1945 |
||
| 215 |
_a80 с. _cил. _d17 см |
||
| 300 | _aНа обл.: Sans famille. Par Hector Malot | ||
| 300 | _aТекст на фр. яз. | ||
| 512 | 0 | 0 |
_aSans famille _zfre |
| 700 | 1 |
_aМало _bГ. _f1830-1907 _gГектор _3RU\NLR\auth\7732365 |
|
| 702 | 1 |
_aБахарева _bМ. _4570 |
|
| 801 | 0 |
_aRU _bNLR _gpsbo |
|
| 801 | 1 |
_aRU _bELAR _2rusmarc |
|
| 852 |
_aNLR _jЯ60 Г-2/15 |
||
| 942 | _cBOOK | ||
| 945 | _aРоссийская национальная библиотека | ||
| 980 | _aNB | ||
| 980 | _aBV | ||